| 000 | 00501nam a2200157 i 4500 | ||
|---|---|---|---|
| 001 | 60807 | ||
| 003 | ES-MaACL | ||
| 005 | 20230906164317.0 | ||
| 007 | t| | ||
| 008 | 031106s1930 sp ||||1| spa d | ||
| 100 | 1 |
_aEstrada y Estrada, José. _948231 |
|
| 245 | 1 | 0 | _aDiscurso leido por José Estrada y Estrada Ministro de Gracia y Justicia en la Solemne apertura de los tribunales, 15 septiembre 1930. |
| 260 |
_aMadrid : _bReus, _c1930. |
||
| 300 |
_a28 p. ; _c27 cm. |
||
| 852 |
_aES-MaACL _j1743-F-14 |
||
| 999 |
_c60807 _d60807 |
||